Szczegóły MARC21

Wykładnia konstytucji : aktualne problemy i tendencje /

003 -Nazwa inst., której nr kontr. jest w polu 001 [,]
    • @
    • Nazwa instytucji, której n kontrolny jest w polu 001
    • NUKAT
005 -DATA I CZAS OSTATNIEJ MODYFIKACJI [,]
    • @
    • pole kontrolne
    • 20241231104624.0
020 -Międzynarod. znormalizowany nr książki - ISBN [ , ]
    • a
    • Numer ISBN
    • 9788326491016 Find
040 -Instytucja sporządzająca opis [ , ]
    • a
    • Instytucja, która sporządziła opis (NP)
    • WA U/91UKP
    • c
    • Instytucja, która sporządziła rekord (NP)
    • WA U/UKP
    • d
    • Instytucja, która zmodyfikowała rekord (P)
    • WA U/EAD
    • d
    • Instytucja, która zmodyfikowała rekord (P)
    • BSTOK U/EWs
942 -Rodzaj dokumentu [ , ]
    • c
    • Rodzaj dokumentu
    • Książka
100 -Hasło główne - nazwa osobowa [1, ]
    • a
    • Nazwa osobowa (NP)
    • Czepita, Stanisław
    • d
    • Daty biograficzne (NP)
    • (1954-2018).
    • 9
    • KHW
    • 21383
245 -Strefa tytułu i oznaczenia odpowiedzialności [1,0]
    • a
    • Tytuł
    • Wykładnia konstytucji : Find
    • b
    • Ciąg dalszy tytułu (NP)
    • aktualne problemy i tendencje / Find
    • c
    • Pozostałe elementy strefy tytułu i oznaczenia odpowiedzialności (NP)
    • redakcja naukowa Marek Smolak ; [autorzy] Stanisław Czepita, Maciej Dybowski, Roman Hauser, Mikołaj Hermann, Marzena Kordela, Ewa Łętowska, Agnieszka Łyszkowska, Jarosław Mikołajewicz, Marek Smolak, Janusz Trzciński, Sławomira Wronkowska, Marek Zirk-Sadowski.
260 -Strefa adresu wydawniczego [ , ]
    • a
    • Miejsce wydania (P)
    • Warszawa :
    • b
    • Nazwa wydawcy (P)
    • Wolters Kluwer,
    • c
    • Data wydania (P)
    • 2016.
300 -Strefa opisu fizycznego [ , ]
    • a
    • Określenie formy książki i/lub objętość (NP)
    • 220 s. ;
    • c
    • Format (NP)
    • 21 cm.
336 -Typ zawartości [ , ]
    • a
    • Termin opisujący typ zawartości
    • Tekst
    • b
    • Kod określający zawartość
    • txt
    • 2
    • Źródło (terminu i kodu)
    • rdacontent
337 -Typ mediów [ , ]
    • a
    • Tryb odtwarzania
    • Bez urządzenia pośredniczącego
    • b
    • Kod typu mediów
    • n
    • 2
    • Źródło (terminu i kodu)
    • rdamedia
338 -Typ/rodzaj nośnika [ , ]
    • a
    • Hasło opisujące typ nośnika
    • Wolumin
    • b
    • Kod typu nośnika
    • nc
    • 2
    • Źródło (terminu i kodu)
    • rdacarrier
500 -Uwaga ogólna [ , ]
    • a
    • Uwaga ogólna (NP)
    • Słowo wstępne: "...tom powstał w następstwie ogólnopolskiej konferencji naukowej pt." Wykładnia prawa: teoria i praktyka" z okazji jubileuszu Profesor Sławomiry Wronkowskiej, zorganizowanej przez Katedrę Teorii i Filozofii Prawa Wydziału Prawa i Administracji UAM w Poznaniu, która odbyła się 24 czerwca 2014 r.".
650 -Hasło przedmiotowe [ ,7]
    • a
    • Hasło przedmiotowe
    • Prawo konstytucyjne
    • v
    • Określnik formalny
    • konferencje.
    • 2
    • Źródło terminu
    • kaba
    • 9
    • KHW
    • 357697
650 -Hasło przedmiotowe [ ,7]
    • a
    • Hasło przedmiotowe
    • Prawo konstytucyjne
    • z
    • Określnik geograficzny
    • Polska
    • v
    • Określnik formalny
    • konferencje.
    • 2
    • Źródło terminu
    • kaba
    • 9
    • KHW
    • 363350
700 -Hasło dodatkowe - nazwa osobowa [1, ]
    • a
    • Nazwa osobowa (NP)
    • Smolak, Marek Find
    • c
    • Dopowiedzenie inne niż daty biograficzne (NP)
    • (prawo).
    • e
    • Określenie rodzaju współpracy
    • Red.
    • 9
    • KHW
    • 42453
700 -Hasło dodatkowe - nazwa osobowa [1, ]
    • a
    • Nazwa osobowa (NP)
    • Dybowski, Maciej. Find
    • 9
    • KHW
    • 12624
700 -Hasło dodatkowe - nazwa osobowa [1, ]
    • a
    • Nazwa osobowa (NP)
    • Hauser, Roman Find
    • d
    • Daty biograficzne (NP)
    • (1949- ).
    • 9
    • KHW
    • 9860
700 -Hasło dodatkowe - nazwa osobowa [1, ]
    • a
    • Nazwa osobowa (NP)
    • Hermann, Mikołaj. Find
    • 9
    • KHW
    • 47233
700 -Hasło dodatkowe - nazwa osobowa [1, ]
    • a
    • Nazwa osobowa (NP)
    • Kordela, Marzena. Find
    • 9
    • KHW
    • 25801
700 -Hasło dodatkowe - nazwa osobowa [1, ]
    • a
    • Nazwa osobowa (NP)
    • Łętowska, Ewa Find
    • d
    • Daty biograficzne (NP)
    • (1940- ).
    • 9
    • KHW
    • 11151
700 -Hasło dodatkowe - nazwa osobowa [1, ]
    • a
    • Nazwa osobowa (NP)
    • Mikołajewicz, Jarosław Find
    • d
    • Daty biograficzne (NP)
    • (1964-2016).
    • 9
    • KHW
    • 414061
700 -Hasło dodatkowe - nazwa osobowa [1, ]
    • a
    • Nazwa osobowa (NP)
    • Trzciński, Janusz Find
    • d
    • Daty biograficzne (NP)
    • (1942- ).
    • 9
    • KHW
    • 31619
700 -Hasło dodatkowe - nazwa osobowa [1, ]
    • a
    • Nazwa osobowa (NP)
    • Wronkowska, Sławomira Find
    • d
    • Daty biograficzne (NP)
    • (1943- ).
    • 9
    • KHW
    • 10709
700 -Hasło dodatkowe - nazwa osobowa [1, ]
    • a
    • Nazwa osobowa (NP)
    • Łyszkowska, Agnieszka. Find
    • 9
    • KHW
    • 414062
700 -Hasło dodatkowe - nazwa osobowa [1, ]
    • a
    • Nazwa osobowa (NP)
    • Zirk-Sadowski, Marek Find
    • d
    • Daty biograficzne (NP)
    • (1952- ).
    • 9
    • KHW
    • 42444
710 -Hasło dodatkowe - nazwa ciała zbiorowego [2, ]
    • a
    • Nazwa ciała zbiorowego lub nazwa geograficzna jako pierwszy element (NP)
    • Wolters Kluwer Polska.
    • 4
    • Kod relacji
    • pbl
    • 9
    • KHW
    • 52677
920 -ISBN [ , ]
    • a
    • ISBN
    • 978-83-264-9101-6 Find
Data inwentaryzacji Lokalizacja Numer inwentarzowy Sygnatura Status udost.
2017-04-27BSASA.24156SA.241561